[Event "WCO2014"]
[Site "Tromso"]
[Date "2014.08.09"]
[Round "7.42"]
[WhiteID "10800310"]
[White "Wambugu Jane Wanjiru"]
[BlackID "10100768"]
[Black "Domingos Maria M"]
[Result "0-1"]
[LiveChessVersion "1.4.3"]
[BlackElo "1576"]
[WhiteElo "1530"]

1. d4 {[%clk 1:30:23]} e6 {[%clk 1:30:38]} 2. Bf4 {[%clk 1:30:12]} d5
{[%clk 1:30:27]} 3. e3 {[%clk 1:30:15]} c5 {[%clk 1:29:32]} 4. Nf3
{[%clk 1:28:09]} Nc6 {[%clk 1:28:48]} 5. c3 {[%clk 1:27:14]} c4 {[%clk 1:26:05]}
6. Be2 {[%clk 1:25:42]} Bd6 {[%clk 1:25:48]} 7. Bxd6 {[%clk 1:22:12]} Qxd6
{[%clk 1:26:06]} 8. O-O {[%clk 1:22:38]} Nf6 {[%clk 1:25:40]} 9. Re1
{[%clk 1:22:17]} Bd7 {[%clk 1:23:55]} 10. Nbd2 {[%clk 1:22:08]} O-O
{[%clk 1:22:00]} 11. Qc2 {[%clk 1:22:01]} Ne7 {[%clk 1:16:12]} 12. e4
{[%clk 1:21:40]} dxe4 {[%clk 1:15:52]} 13. Nxe4 {[%clk 1:21:53]} Nxe4
{[%clk 1:15:18]} 14. Qxe4 {[%clk 1:22:17]} Bc6 {[%clk 1:15:07]} 15. Qc2
{[%clk 1:20:22]} Rac8 {[%clk 1:14:24]} 16. Ne5 {[%clk 1:16:16]} Bd5
{[%clk 1:13:49]} 17. Bf3 {[%clk 1:09:12]} Bxf3 {[%clk 1:09:15]} 18. Nxf3
{[%clk 1:08:03]} Ng6 {[%clk 1:09:30]} 19. Rad1 {[%clk 1:07:33]} Rcd8
{[%clk 1:06:46]} 20. a3 {[%clk 1:05:46]} Qc6 {[%clk 1:04:51]} 21. Ne5
{[%clk 1:01:07]} Nxe5 {[%clk 1:03:27]} 22. Rxe5 {[%clk 0:59:31]} Rd5
{[%clk 1:03:05]} 23. Rde1 {[%clk 0:57:56]} Rfd8 {[%clk 1:03:17]} 24. h4
{[%clk 0:48:13]} b5 {[%clk 0:59:01]} 25. Qc1 {[%clk 0:41:48]} Rxe5
{[%clk 0:58:27]} 26. Rxe5 {[%clk 0:41:52]} a6 {[%clk 0:53:20]} 27. Qe1
{[%clk 0:39:27]} h6 {[%clk 0:51:50]} 28. Rc5 {[%clk 0:37:31]} Qb7
{[%clk 0:50:29]} 29. Qe5 {[%clk 0:36:40]} Qd7 {[%clk 0:37:23]} 30. Qc7
{[%clk 0:34:41]} Qxc7 {[%clk 0:35:53]} 31. Rxc7 {[%clk 0:35:06]} Kf8
{[%clk 0:34:04]} 32. f4 {[%clk 0:35:20]} a5 {[%clk 0:32:37]} 33. Kf2
{[%clk 0:31:13]} Rd5 {[%clk 0:31:45]} 34. Rc5 {[%clk 0:26:18]} Ke7
{[%clk 0:21:23]} 35. Rc7+ {[%clk 0:23:06]} Kf6 {[%clk 0:20:14]} 36. g4
{[%clk 0:21:52]} g6 {[%clk 0:16:53]} 37. g5+ {[%clk 0:21:47]} hxg5
{[%clk 0:16:50]} 38. hxg5+ {[%clk 0:22:10]} Kg7 {[%clk 0:17:08]} 39. Ke3
{[%clk 0:19:44]} Kf8 {[%clk 0:14:07]} 40. Ke4 {[%clk 0:19:37]} Ke8
{[%clk 0:11:44]} 41. Rc5 {[%clk 0:19:54]} Rf5 {[%clk 0:11:29]} 42. Rxf5
{[%clk 0:19:47]} gxf5+ {[%clk 0:11:32]} 43. Ke5 {[%clk 0:19:40]} Ke7
{[%clk 0:11:43]} 44. d5 {[%clk 0:19:39]} exd5 {[%clk 0:07:36]} 45. Kxd5
{[%clk 0:19:17]} f6 {[%clk 0:05:46]} 46. gxf6+ {[%clk 0:17:53]} Kxf6
{[%clk 0:06:14]} 47. Kc5 {[%clk 0:18:13]} Kg6 {[%clk 0:06:17]} 48. Kd5
{[%clk 0:15:23]} Kh5 {[%clk 0:06:25]} 49. Kd4 {[%clk 0:14:41]} Kg4
{[%clk 0:06:43]} 50. Ke5 {[%clk 0:14:10]} a4 {[%clk 0:07:05]} 51. Kd5
{[%clk 0:09:20]} Kxf4 {[%clk 0:07:24]} 52. Kc5 {[%clk 0:09:42]} Ke4
{[%clk 0:07:52]} 53. Kxb5 {[%clk 0:09:56]} Kd3 {[%clk 0:08:01]} 54. Kxa4
{[%clk 0:09:57]} f4 {[%clk 0:08:22]} 55. b4 {[%clk 0:09:35]} cxb3
{[%clk 0:08:36]} 56. Kxb3 {[%clk 0:09:56]} f3 {[%clk 0:08:53]} 57. Kb4 f2 58. a4
{[%clk 0:09:52]} f1=Q {[%clk 0:09:14]} 59. a5 {[%clk 0:10:15]} Qf4+
{[%clk 0:09:16]} 60. Kb5 {[%clk 0:10:25]} Kxc3 {[%clk 0:09:10]} 61. a6
{[%clk 0:10:46]} Qb8+ {[%clk 0:09:12]} 62. Kc5 {[%clk 0:10:12]} Qa7+
{[%clk 0:09:05]} 63. Kb5 {[%clk 0:10:27]} Kd4 {[%clk 0:09:24]} 64. Ka5
{[%clk 0:10:33]} Kc4 {[%clk 0:09:36]} 0-1

[Event "WCO2014"]
[Site "Tromso"]
[Date "2014.08.09"]
[Round "7.43"]
[WhiteID "10100920"]
[White "Joao Delfina"]
[BlackID "10800387"]
[Black "Shah Riya"]
[Result "0-1"]
[LiveChessVersion "1.4.3"]
[BlackElo "1289"]
[WhiteElo "1534"]

1. e4 {[%clk 1:30:58]} e5 {[%clk 1:30:56]} 2. Nf3 {[%clk 1:31:19]} Nc6
{[%clk 1:31:23]} 3. Bb5 {[%clk 1:31:36]} Bc5 {[%clk 1:29:55]} 4. O-O
{[%clk 1:31:26]} d6 {[%clk 1:29:51]} 5. Bxc6+ {[%clk 1:30:38]} bxc6
{[%clk 1:30:07]} 6. d4 {[%clk 1:30:32]} exd4 {[%clk 1:26:53]} 7. Nxd4
{[%clk 1:30:38]} Bd7 {[%clk 1:26:08]} 8. Nc3 {[%clk 1:27:38]} Qf6
{[%clk 1:22:05]} 9. Be3 {[%clk 1:26:07]} Nh6 {[%clk 1:15:47]} 10. h3
{[%clk 1:05:42]} O-O {[%clk 1:05:22]} 11. Qd2 {[%clk 0:53:57]} Bxd4
{[%clk 1:04:23]} 12. Qxd4 {[%clk 0:48:54]} Qg6 {[%clk 0:58:56]} 13. Kh2
{[%clk 0:47:26]} f5 {[%clk 0:51:52]} 14. Bxh6 {[%clk 0:44:09]} Qxh6
{[%clk 0:51:24]} 15. exf5 {[%clk 0:41:57]} Rxf5 {[%clk 0:49:51]} 16. Rae1
{[%clk 0:40:02]} d5 {[%clk 0:43:42]} 17. Re7 {[%clk 0:37:48]} Qd6+
{[%clk 0:43:49]} 18. f4 {[%clk 0:32:10]} Qxe7 {[%clk 0:42:50]} 19. g4
{[%clk 0:32:16]} Rff8 {[%clk 0:41:29]} 20. Rf2 {[%clk 0:31:48]} Qf6
{[%clk 0:40:31]} 21. Qd2 {[%clk 0:31:31]} Rae8 {[%clk 0:38:27]} 22. Kg2
{[%clk 0:30:55]} d4 {[%clk 0:35:32]} 23. Ne2 {[%clk 0:30:31]} c5 {[%clk 0:35:11]}
24. Kg3 {[%clk 0:27:57]} Qe6 {[%clk 0:34:14]} 25. b3 {[%clk 0:26:45]} Qe3+
{[%clk 0:34:23]} 0-1

[Event "WCO2014"]
[Site "Tromso"]
[Date "2014.08.09"]
[Round "7.40"]
[WhiteID "6200117"]
[White "Taweesupmun Chanida"]
[BlackID "11400102"]
[Black "Lyons Kieran"]
[Result "1-0"]
[LiveChessVersion "1.4.3"]
[BlackElo "1811"]
[WhiteElo "1838"]

1. d4 {[%clk 1:30:54]} d5 {[%clk 1:30:48]} 2. c4 {[%clk 1:31:16]} c6
{[%clk 1:31:11]} 3. Nf3 {[%clk 1:31:35]} e6 {[%clk 1:31:06]} 4. Qc2
{[%clk 1:31:05]} f5 {[%clk 1:29:45]} 5. Bf4 {[%clk 1:29:32]} Bd6 {[%clk 1:28:30]}
6. Bxd6 {[%clk 1:26:30]} Qxd6 {[%clk 1:28:54]} 7. e3 {[%clk 1:26:34]} Nf6
{[%clk 1:29:05]} 8. Bd3 {[%clk 1:26:11]} Ne4 {[%clk 1:28:27]} 9. Ne5
{[%clk 1:21:20]} Nd7 {[%clk 1:23:07]} 10. f4 {[%clk 1:19:14]} Ndf6
{[%clk 1:21:16]} 11. Nd2 {[%clk 1:18:26]} Bd7 {[%clk 1:15:25]} 12. a3
{[%clk 1:16:41]} c5 {[%clk 1:13:40]} 13. Bxe4 {[%clk 1:12:38]} dxe4
{[%clk 1:09:07]} 14. Nb3 {[%clk 1:08:31]} Ba4 {[%clk 1:03:49]} 15. Qc3
{[%clk 1:08:12]} Bxb3 {[%clk 1:02:28]} 16. Qxb3 {[%clk 1:05:18]} cxd4
{[%clk 1:01:35]} 17. Qb5+ {[%clk 1:03:24]} Nd7 {[%clk 0:30:42]} 18. Nxd7
{[%clk 1:00:15]} Qxd7 {[%clk 0:30:20]} 19. Qxd7+ {[%clk 1:00:35]} Kxd7
{[%clk 0:31:17]} 20. exd4 {[%clk 1:00:54]} Rac8 {[%clk 0:30:43]} 21. Rc1
{[%clk 1:00:18]} Rc6 {[%clk 0:30:09]} 22. Kd2 {[%clk 0:59:16]} Rhc8
{[%clk 0:29:37]} 23. b3 {[%clk 0:59:05]} Kd6 {[%clk 0:28:30]} 24. Rc3
{[%clk 0:56:32]} b5 {[%clk 0:27:33]} 25. c5+ {[%clk 0:50:52]} Kd5
{[%clk 0:25:34]} 26. Ke3 {[%clk 0:50:53]} a5 {[%clk 0:24:45]} 27. Ra1
{[%clk 0:47:37]} h6 {[%clk 0:22:17]} 28. a4 {[%clk 0:45:44]} b4 {[%clk 0:20:38]}
29. Rc4 {[%clk 0:44:04]} g5 {[%clk 0:19:40]} 30. Rf1 {[%clk 0:43:01]} gxf4+
{[%clk 0:16:46]} 31. Rxf4 {[%clk 0:43:20]} Rg8 {[%clk 0:17:13]} 32. g3
{[%clk 0:41:12]} Rf8 {[%clk 0:09:06]} 33. g4 {[%clk 0:40:24]} Rc7
{[%clk 0:08:19]} 34. gxf5 {[%clk 0:39:38]} exf5 {[%clk 0:08:07]} 35. Rc2
{[%clk 0:37:43]} Rg7 {[%clk 0:08:09]} 36. c6 {[%clk 0:37:27]} Kd6
{[%clk 0:05:22]} 37. Rc5 {[%clk 0:36:46]} Rg5 {[%clk 0:00:52]} 38. c7
{[%clk 0:31:39]} Kd7 {[%clk 0:01:11]} 39. Rh4 {[%clk 0:25:45]} h5
{[%clk 0:00:43]} 40. Rxe4 {[%clk 0:22:38]} f4+ {[%clk 0:00:36]} 41. Rxf4
{[%clk 0:22:16]} Re8+ {[%clk 0:00:56]} 42. Re4 {[%clk 0:21:19]} Rxc5
{[%clk 0:00:54]} 43. dxc5 {[%clk 0:21:43]} Rc8 {[%clk 0:00:40]} 44. Kd4
{[%clk 0:19:45]} Kxc7 {[%clk 0:30:31]} 45. Re5 {[%clk 0:50:08]} h4
{[%clk 0:27:57]} 46. Rh5 {[%clk 0:49:41]} Rd8+ {[%clk 0:26:22]} 47. Kc4
{[%clk 0:50:08]} Rd1 {[%clk 0:26:28]} 48. Rxh4 {[%clk 0:49:52]} Rc1+
{[%clk 0:26:35]} 49. Kb5 {[%clk 0:50:00]} Rc3 {[%clk 0:26:59]} 50. Rh7+
{[%clk 0:49:47]} Kc8 {[%clk 0:26:14]} 51. Kb6 {[%clk 0:48:20]} 1-0

[Event "WCO2014"]
[Site "Tromso"]
[Date "2014.08.09"]
[Round "7.28"]
[WhiteID "8400474"]
[White "Ortiz Katherine Berenice"]
[BlackID "7500114"]
[Black "Diaz Maria M.A."]
[Result "1-0"]
[LiveChessVersion "1.4.3"]
[BlackElo "2029"]
[WhiteElo "1864"]

1. e4 {[%clk 1:30:17]} e6 {[%clk 1:30:50]} 2. d3 {[%clk 1:30:31]} d5
{[%clk 1:31:05]} 3. Nd2 {[%clk 1:30:03]} Nf6 {[%clk 1:28:57]} 4. Ngf3
{[%clk 1:30:11]} c5 {[%clk 1:21:55]} 5. g3 {[%clk 1:26:25]} Nc6 {[%clk 1:22:08]}
6. Bg2 {[%clk 1:26:48]} Be7 {[%clk 1:21:15]} 7. O-O {[%clk 1:26:40]} O-O
{[%clk 1:21:36]} 8. Re1 {[%clk 1:26:09]} Qb6 {[%clk 1:16:40]} 9. e5
{[%clk 1:19:36]} Nd7 {[%clk 1:13:12]} 10. Nf1 {[%clk 1:19:28]} f6
{[%clk 1:06:54]} 11. exf6 {[%clk 1:15:26]} Nxf6 {[%clk 0:59:37]} 12. h3
{[%clk 1:13:48]} Bd6 {[%clk 0:40:35]} 13. c3 {[%clk 1:13:45]} e5 {[%clk 0:39:42]}
14. Ne3 {[%clk 1:13:26]} e4 {[%clk 0:31:09]} 15. dxe4 {[%clk 1:12:42]} dxe4
{[%clk 0:31:17]} 16. Ng5 {[%clk 1:11:49]} Rd8 {[%clk 0:30:19]} 17. Nc4
{[%clk 1:10:51]} Qc7 {[%clk 0:27:58]} 18. Qb3 {[%clk 1:10:59]} Kf8
{[%clk 0:24:54]} 19. Nxd6 {[%clk 1:11:09]} Rxd6 {[%clk 0:24:10]} 20. Bf4
{[%clk 1:11:28]} Nd8 {[%clk 0:16:09]} 21. Nxe4 {[%clk 1:11:05]} Nxe4
{[%clk 0:16:12]} 22. Rxe4 {[%clk 1:09:37]} Be6 {[%clk 0:09:42]} 23. Bxd6+
{[%clk 1:07:22]} Qxd6 {[%clk 0:10:09]} 24. Qd1 {[%clk 1:07:31]} Qb6
{[%clk 0:08:30]} 25. b3 {[%clk 1:07:22]} Nf7 {[%clk 0:07:54]} 26. Qh5
{[%clk 1:06:51]} Nh6 {[%clk 0:05:20]} 27. Rae1 {[%clk 1:07:03]} Bf7
{[%clk 0:05:35]} 28. Qg5 {[%clk 1:06:41]} Ng8 {[%clk 0:04:28]} 29. Rg4
{[%clk 1:05:30]} Bg6 {[%clk 0:04:22]} 30. Rf4+ {[%clk 1:04:57]} Nf6
{[%clk 0:04:50]} 31. h4 {[%clk 1:04:23]} Kg8 {[%clk 0:04:37]} 32. Bd5+
{[%clk 1:03:27]} Kh8 {[%clk 0:04:53]} 33. Re6 {[%clk 1:03:33]} Qd8
{[%clk 0:04:57]} 34. Bxb7 {[%clk 1:01:31]} Rb8 {[%clk 0:04:45]} 35. Bg2
{[%clk 1:01:29]} Qd1+ {[%clk 0:05:06]} 36. Kh2 {[%clk 1:01:48]} Nh5
{[%clk 0:04:11]} 37. Qe5 {[%clk 0:59:05]} Rg8 {[%clk 0:03:45]} 38. Bf3
{[%clk 0:58:03]} Qd7 {[%clk 0:03:12]} 39. Re7 {[%clk 0:57:01]} Qd8
{[%clk 0:03:40]} 40. Bxh5 {[%clk 0:56:52]} Bxh5 {[%clk 0:04:10]} 41. g4
{[%clk 0:56:59]} Be8 {[%clk 0:04:12]} 42. Rf8 {[%clk 0:56:34]} Bf7
{[%clk 0:01:51]} 43. Rxd8 {[%clk 0:56:16]} 1-0

[Event "WCO2014"]
[Site "Tromso"]
[Date "2014.08.09"]
[Round "7.26"]
[WhiteID "8400482"]
[White "Fernandez Mirna Graciela"]
[BlackID "3902773"]
[Black "Mena Ailen Oriana"]
[Result "1/2-1/2"]
[LiveChessVersion "1.4.3"]
[BlackElo "1681"]
[WhiteElo "1521"]

1. e4 {[%clk 1:30:56]} e5 {[%clk 1:30:51]} 2. Nf3 {[%clk 1:31:22]} Nc6
{[%clk 1:31:03]} 3. d4 {[%clk 1:31:36]} exd4 {[%clk 1:30:17]} 4. Nxd4
{[%clk 1:31:38]} Nf6 {[%clk 1:28:41]} 5. Nc3 {[%clk 1:31:09]} Bb4
{[%clk 1:27:24]} 6. Nxc6 {[%clk 1:30:51]} bxc6 {[%clk 1:27:12]} 7. Bd3
{[%clk 1:30:47]} d5 {[%clk 1:22:37]} 8. exd5 {[%clk 1:24:36]} cxd5
{[%clk 1:21:57]} 9. Bd2 {[%clk 1:24:01]} O-O {[%clk 1:21:51]} 10. O-O
{[%clk 1:24:11]} h6 {[%clk 1:17:48]} 11. a3 {[%clk 1:20:11]} Bc5 {[%clk 1:17:15]}
12. Qf3 {[%clk 1:16:11]} Bg4 {[%clk 1:13:14]} 13. Qg3 {[%clk 1:09:30]} Bd6
{[%clk 1:03:57]} 14. Bf4 {[%clk 0:58:55]} Nh5 {[%clk 1:00:53]} 15. Qxg4
{[%clk 0:56:12]} Nxf4 {[%clk 0:56:22]} 16. Rad1 {[%clk 0:37:16]} Rb8
{[%clk 0:55:18]} 17. b4 {[%clk 0:36:04]} c6 {[%clk 0:54:26]} 18. Ne2
{[%clk 0:34:31]} Nxd3 {[%clk 0:49:07]} 19. Rxd3 {[%clk 0:34:54]} Qc7
{[%clk 0:47:01]} 20. g3 {[%clk 0:34:56]} Rfe8 {[%clk 0:44:24]} 21. Qf3
{[%clk 0:26:18]} Be5 {[%clk 0:42:38]} 22. Rc1 {[%clk 0:24:12]} a5
{[%clk 0:40:09]} 23. c4 {[%clk 0:23:35]} axb4 {[%clk 0:37:40]} 24. cxd5
{[%clk 0:22:23]} c5 {[%clk 0:36:16]} 25. axb4 {[%clk 0:20:03]} Rxb4
{[%clk 0:36:16]} 26. Re3 {[%clk 0:18:48]} Reb8 {[%clk 0:33:12]} 27. Qf5
{[%clk 0:15:31]} Bf6 {[%clk 0:28:46]} 28. Rd3 {[%clk 0:13:52]} Qd6
{[%clk 0:27:59]} 29. Rd2 {[%clk 0:12:02]} Rd8 {[%clk 0:25:07]} 30. Rdc2
{[%clk 0:10:46]} Qxd5 {[%clk 0:24:29]} 31. Qxd5 {[%clk 0:10:40]} Rxd5
{[%clk 0:24:50]} 32. Rxc5 {[%clk 0:10:58]} Rxc5 {[%clk 0:24:15]} 33. Rxc5
{[%clk 0:11:14]} Rb8 {[%clk 0:22:58]} 34. h3 {[%clk 0:11:12]} g6 {[%clk 0:22:48]}
35. Kg2 {[%clk 0:11:18]} Rb3 {[%clk 0:21:52]} 36. Rc6 {[%clk 0:11:13]} Kg7
{[%clk 0:22:10]} 37. Rc7 {[%clk 0:10:59]} h5 {[%clk 0:21:02]} 38. Rd7
{[%clk 0:10:40]} Ra3 {[%clk 0:20:17]} 39. Rb7 {[%clk 0:10:52]} 1/2-1/2

[Event "WCO2014"]
[Site "Tromso"]
[Date "2014.08.09"]
[Round "7.12"]
[WhiteID "11001305"]
[White "Wakuruwarewa Colletta"]
[BlackID "12301744"]
[Black "Jaiswal Bina"]
[Result "1-0"]
[LiveChessVersion "1.4.3"]
[BlackElo "1592"]
[WhiteElo "1633"]

1. e4 {[%clk 1:30:57]} e5 {[%clk 1:30:50]} 2. Nf3 {[%clk 1:31:20]} Nc6
{[%clk 1:31:04]} 3. Bc4 {[%clk 1:31:24]} Bc5 {[%clk 1:29:21]} 4. c3
{[%clk 1:31:30]} Nf6 {[%clk 1:28:23]} 5. d3 {[%clk 1:28:54]} O-O {[%clk 1:26:59]}
6. Bg5 {[%clk 1:28:14]} d6 {[%clk 1:26:30]} 7. h3 {[%clk 1:27:33]} h6
{[%clk 1:26:43]} 8. Bh4 {[%clk 1:27:55]} Be6 {[%clk 1:26:12]} 9. Bxe6
{[%clk 1:25:58]} fxe6 {[%clk 1:26:35]} 10. O-O {[%clk 1:24:27]} Qd7
{[%clk 1:23:06]} 11. Kh2 {[%clk 1:21:10]} d5 {[%clk 1:17:26]} 12. exd5
{[%clk 1:16:37]} exd5 {[%clk 1:15:50]} 13. Nxe5 {[%clk 1:12:59]} Nxe5
{[%clk 1:08:34]} 14. d4 {[%clk 1:10:18]} Bd6 {[%clk 1:03:32]} 15. dxe5
{[%clk 1:10:27]} Bxe5+ {[%clk 1:03:52]} 16. f4 {[%clk 1:10:49]} Bd6
{[%clk 1:03:50]} 17. Bxf6 {[%clk 1:08:35]} Rxf6 {[%clk 1:04:10]} 18. Qxd5+
{[%clk 1:08:20]} Kh8 {[%clk 1:03:12]} 19. Kh1 {[%clk 1:06:55]} c6
{[%clk 1:00:49]} 20. Qd4 {[%clk 1:06:54]} Raf8 {[%clk 0:55:15]} 21. Nd2
{[%clk 1:06:36]} b5 {[%clk 0:48:22]} 22. Ne4 {[%clk 1:01:25]} Rxf4
{[%clk 0:43:01]} 23. Rxf4 {[%clk 1:01:29]} Rxf4 {[%clk 0:43:24]} 24. Qxd6
{[%clk 1:01:44]} Qf5 {[%clk 0:37:48]} 25. Ng3 {[%clk 0:54:17]} Qg5
{[%clk 0:37:01]} 26. Rf1 {[%clk 0:54:05]} Rxf1+ {[%clk 0:31:27]} 27. Nxf1
{[%clk 0:53:37]} Qc1 {[%clk 0:31:45]} 28. Kg1 {[%clk 0:51:12]} Qxb2
{[%clk 0:30:41]} 29. Qxc6 {[%clk 0:51:20]} Qxa2 {[%clk 0:30:59]} 30. Qxb5
{[%clk 0:51:27]} Qa1 {[%clk 0:31:14]} 31. Qe8+ {[%clk 0:51:02]} Kh7
{[%clk 0:31:35]} 32. Qe4+ {[%clk 0:51:22]} Kh8 {[%clk 0:31:50]} 33. c4
{[%clk 0:50:41]} a5 {[%clk 0:31:19]} 34. c5 {[%clk 0:51:02]} Qc1 {[%clk 0:31:36]}
35. Qa8+ {[%clk 0:51:24]} Kh7 {[%clk 0:32:00]} 36. Qxa5 {[%clk 0:51:27]} Qc4
{[%clk 0:31:13]} 37. Qc7 {[%clk 0:49:59]} Qd4+ {[%clk 0:31:08]} 38. Kh2
{[%clk 0:49:44]} Kg8 {[%clk 0:28:42]} 39. c6 {[%clk 0:49:35]} Kf8
{[%clk 0:28:44]} 40. Qb8+ {[%clk 0:48:41]} Ke7 {[%clk 0:28:48]} 41. c7
{[%clk 0:49:00]} Qd6+ {[%clk 0:26:58]} 42. Ng3 {[%clk 0:49:17]} Kf7
{[%clk 0:26:40]} 43. c8=Q {[%clk 0:49:15]} Qxb8 {[%clk 0:27:03]} 1-0

[Event "WCO2014"]
[Site "Tromso"]
[Date "2014.08.09"]
[Round "7.11"]
[WhiteID "12300080"]
[White "Khamboo Monalisa"]
[BlackID "11001313"]
[Black "Zengeni Tatenda Melisa"]
[Result "0-1"]
[LiveChessVersion "1.4.3"]
[BlackElo "1660"]
[WhiteElo "1771"]

1. d4 {[%clk 1:30:58]} Nf6 {[%clk 1:30:55]} 2. c4 {[%clk 1:31:26]} e6
{[%clk 1:31:18]} 3. Bf4 {[%clk 1:31:46]} b6 {[%clk 1:31:20]} 4. Nf3
{[%clk 1:32:04]} Bb7 {[%clk 1:31:32]} 5. e3 {[%clk 1:32:17]} Bb4+
{[%clk 1:31:49]} 6. Nc3 {[%clk 1:31:36]} O-O {[%clk 1:31:27]} 7. Bd3
{[%clk 1:31:34]} d5 {[%clk 1:31:06]} 8. O-O {[%clk 1:29:59]} a6 {[%clk 1:29:27]}
9. Rc1 {[%clk 1:28:51]} Bd6 {[%clk 1:28:58]} 10. Bxd6 {[%clk 1:28:14]} cxd6
{[%clk 1:28:05]} 11. cxd5 {[%clk 1:27:46]} Nxd5 {[%clk 1:24:18]} 12. a3
{[%clk 1:25:06]} Nd7 {[%clk 1:22:49]} 13. Nxd5 {[%clk 1:23:49]} Bxd5
{[%clk 1:22:52]} 14. e4 {[%clk 1:22:49]} Bb7 {[%clk 1:22:55]} 15. Re1
{[%clk 1:17:05]} h6 {[%clk 1:22:16]} 16. b4 {[%clk 1:04:55]} Re8 {[%clk 1:18:00]}
17. Qd2 {[%clk 0:58:43]} e5 {[%clk 1:08:36]} 18. d5 {[%clk 0:56:18]} Nf6
{[%clk 1:07:30]} 19. Rc3 {[%clk 0:54:11]} Qd7 {[%clk 1:05:25]} 20. Qe3
{[%clk 0:48:08]} b5 {[%clk 0:57:29]} 21. Nd2 {[%clk 0:46:09]} Bxd5
{[%clk 0:53:55]} 22. Rec1 {[%clk 0:38:47]} Be6 {[%clk 0:50:45]} 23. Rc7
{[%clk 0:37:18]} Qd8 {[%clk 0:49:39]} 24. f3 {[%clk 0:32:40]} Re7
{[%clk 0:45:56]} 25. Qb6 {[%clk 0:29:41]} Rxc7 {[%clk 0:44:53]} 26. Rxc7
{[%clk 0:28:11]} Ne8 {[%clk 0:38:14]} 27. Rc6 {[%clk 0:26:01]} Qxb6+
{[%clk 0:35:17]} 28. Rxb6 {[%clk 0:26:17]} d5 {[%clk 0:33:38]} 29. exd5
{[%clk 0:25:52]} Bxd5 {[%clk 0:33:56]} 30. Kf2 {[%clk 0:25:05]} Nf6
{[%clk 0:29:56]} 31. Ke3 {[%clk 0:24:24]} Kf8 {[%clk 0:29:51]} 32. Ne4
{[%clk 0:22:49]} Nxe4 {[%clk 0:24:15]} 33. Bxe4 {[%clk 0:23:01]} Bxe4
{[%clk 0:24:34]} 34. Kxe4 {[%clk 0:22:46]} f6 {[%clk 0:24:46]} 35. Kd5
{[%clk 0:22:27]} Ra7 {[%clk 0:22:27]} 36. Kc6 {[%clk 0:22:31]} Ke7
{[%clk 0:21:05]} 37. Rb7+ {[%clk 0:22:39]} Rxb7 {[%clk 0:21:18]} 38. Kxb7
{[%clk 0:22:54]} f5 {[%clk 0:21:38]} 39. Kxa6 {[%clk 0:23:12]} e4
{[%clk 0:22:03]} 40. Kxb5 {[%clk 0:13:23]} e3 {[%clk 0:22:11]} 41. a4
{[%clk 0:12:03]} e2 {[%clk 0:22:24]} 42. a5 {[%clk 0:12:29]} e1=Q
{[%clk 0:22:21]} 43. a6 {[%clk 0:12:48]} Qe3 {[%clk 0:20:34]} 44. Kc6
{[%clk 0:12:09]} Qc3+ {[%clk 0:17:58]} 45. Kb6 {[%clk 0:12:15]} Qxb4+
{[%clk 0:17:28]} 46. Ka7 {[%clk 0:12:29]} Kd7 {[%clk 0:17:37]} 47. h4
{[%clk 0:11:33]} Kc7 {[%clk 0:17:51]} 0-1

[Event "WCO2014"]
[Site "Tromso"]
[Date "2014.08.09"]
[Round "7.10"]
[WhiteID "11000660"]
[White "Zengeni Paidaishe"]
[BlackID "12301329"]
[Black "Adhikari Ashmita"]
[Result "1-0"]
[LiveChessVersion "1.4.3"]
[BlackElo "1663"]
[WhiteElo "1678"]

1. e4 {[%clk 1:30:55]} e5 {[%clk 1:30:53]} 2. Nf3 {[%clk 1:31:19]} Nc6
{[%clk 1:31:06]} 3. d4 {[%clk 1:31:42]} exd4 {[%clk 1:30:14]} 4. Bc4
{[%clk 1:31:56]} Nf6 {[%clk 1:28:24]} 5. e5 {[%clk 1:31:52]} Ng4 {[%clk 1:19:52]}
6. Bxf7+ {[%clk 1:29:15]} Kxf7 {[%clk 1:18:59]} 7. Ng5+ {[%clk 1:29:20]} Kg8
{[%clk 1:16:01]} 8. Qf3 {[%clk 1:21:28]} Bb4+ {[%clk 1:14:06]} 9. c3
{[%clk 1:21:08]} Qe7 {[%clk 1:12:13]} 10. cxb4 {[%clk 1:03:40]} Ngxe5
{[%clk 0:57:39]} 11. Qb3+ {[%clk 0:59:09]} Nf7+ {[%clk 0:43:38]} 12. Kd1
{[%clk 0:57:28]} Kf8 {[%clk 0:40:45]} 13. Re1 {[%clk 0:54:58]} Qf6
{[%clk 0:39:41]} 14. Re4 {[%clk 0:42:21]} Qxf2 {[%clk 0:23:38]} 15. Rf4
{[%clk 0:35:07]} Qg1+ {[%clk 0:23:26]} 16. Kc2 {[%clk 0:34:55]} Qxg2+
{[%clk 0:23:20]} 17. Bd2 {[%clk 0:34:28]} d3+ {[%clk 0:21:40]} 18. Kc3
{[%clk 0:32:28]} Nce5 {[%clk 0:17:15]} 19. Nxf7 {[%clk 0:19:09]} Qc6+
{[%clk 0:15:54]} 20. Kd4 {[%clk 0:19:11]} Nf3+ {[%clk 0:14:11]} 21. Ke3
{[%clk 0:16:15]} Qe6+ {[%clk 0:11:33]} 22. Qxe6 {[%clk 0:16:07]} dxe6
{[%clk 0:11:58]} 23. Nxh8+ {[%clk 0:16:18]} Kg8 {[%clk 0:11:37]} 24. Rxf3
{[%clk 0:15:47]} e5 {[%clk 0:10:03]} 25. Nf7 {[%clk 0:12:14]} e4 {[%clk 0:09:18]}
26. Kxe4 {[%clk 0:12:11]} Bd7 {[%clk 0:09:31]} 27. Kxd3 {[%clk 0:11:46]} Bb5+
{[%clk 0:09:01]} 28. Kc2 {[%clk 0:11:33]} Bc6 {[%clk 0:06:43]} 29. Rf2
{[%clk 0:10:51]} Rf8 {[%clk 0:06:55]} 30. Nh6+ {[%clk 0:11:05]} gxh6
{[%clk 0:06:57]} 31. Rxf8+ {[%clk 0:11:24]} Kxf8 {[%clk 0:07:22]} 32. Nc3
{[%clk 0:11:49]} h5 {[%clk 0:06:19]} 33. b5 {[%clk 0:10:33]} 1-0

[Event "WCO2014"]
[Site "Tromso"]
[Date "2014.08.09"]
[Round "7.16"]
[WhiteID "3101851"]
[White "Vega Jimenez Keyshla M."]
[BlackID "8604541"]
[Black "Yuan Yuanling"]
[Result "0-1"]
[LiveChessVersion "1.4.3"]
[BlackElo "2241"]
[WhiteElo "1664"]

1. e4 {[%clk 1:30:53]} c5 {[%clk 1:30:50]} 2. Nf3 {[%clk 1:31:14]} d6
{[%clk 1:31:16]} 3. d4 {[%clk 1:31:39]} cxd4 {[%clk 1:31:41]} 4. Nxd4
{[%clk 1:32:05]} Nf6 {[%clk 1:32:06]} 5. Nc3 {[%clk 1:32:27]} g6 {[%clk 1:32:29]}
6. Bc4 {[%clk 1:32:40]} Bg7 {[%clk 1:32:50]} 7. h3 {[%clk 1:33:02]} Nbd7
{[%clk 1:30:22]} 8. O-O {[%clk 1:31:12]} O-O {[%clk 1:30:06]} 9. Bb3
{[%clk 1:31:31]} a6 {[%clk 1:29:14]} 10. Re1 {[%clk 1:31:22]} b5 {[%clk 1:26:29]}
11. Bg5 {[%clk 1:30:41]} Bb7 {[%clk 1:25:19]} 12. Qd2 {[%clk 1:27:26]} Nc5
{[%clk 1:20:06]} 13. Qe3 {[%clk 1:12:27]} Nfxe4 {[%clk 1:15:42]} 14. Nd5
{[%clk 1:00:55]} Nxg5 {[%clk 1:10:58]} 15. Nxe7+ {[%clk 0:51:18]} Kh8
{[%clk 1:11:16]} 16. Qxg5 {[%clk 0:49:15]} Bxd4 {[%clk 1:10:52]} 17. Qh4
{[%clk 0:35:40]} Nxb3 {[%clk 1:06:01]} 18. axb3 {[%clk 0:35:23]} Bg7
{[%clk 1:05:50]} 19. Rad1 {[%clk 0:30:46]} Qb6 {[%clk 1:03:50]} 20. Rd3
{[%clk 0:27:44]} Rad8 {[%clk 1:02:43]} 21. Rde3 {[%clk 0:23:07]} d5
{[%clk 1:02:05]} 0-1